00449 2200157 4500001002100000005001500021035002000036245008300056100002300139300002800162260004500190082000800235084001400243020002200257990001200279INLIS00000000000316320251126113404 a0010-11250000241 aEnsiklopedia Energi :bPerkembangan Teknologi dan Energi /cMoch. Adeeva Putra0 aMoch. Adeeva Putra a116 hlm ;c17,5 x 25 cm aJakarta :bPT. Listafariska Putra,c2014 a600 a600 MOC e a978-602-9232-23-3 a0750965